000 00434nam a2200181Ia 4500
001 14906
005 20260306164948.0
008 260306t2010||||xx |||||||||||||| ||spa||
041 _aESP
082 _a519.5
_bM26
100 _aMartínez Gómez, Mónica
_eAUT
245 0 _aIntroducción a la estadística
260 _c2010
300 _a264 páginas :
_c24 cm.
650 _aGEN
654 _aCMA
942 _cLIB
_dJUS
_fJUS
_2ddc
_n
999 _c14906
_d14906